Normal view
MARC view
Entry Topical Term
001 - CONTROL NUMBER
- control field: 14780
003 - CONTROL NUMBER IDENTIFIER
- control field: ARRUPE
005 - DATE AND TIME OF LATEST TRANSACTION
- control field: 20150129145057.0
008 - FIXED-LENGTH DATA ELEMENTS
- fixed length control field: 150129|| aca||aabn | a|a d
040 ## - CATALOGING SOURCE
- Original cataloging agency: ARRUPE
- Transcribing agency: ARRUPE
150 ## - HEADING--TOPICAL TERM
- Topical term or geographic name as entry element: Bombing, Aerial
- Geographic subdivision: Mozambique
- Geographic subdivision: Chimoio (Manica District)
670 ## - SOURCE DATA FOUND
- Source citation: Work cat.: (ARRUPE)0: Mutambara, Agrippah, 1951- 14777, Chimoio attack :, c2008.